000 00358nam a2200157Ia 4500
003 OSt
005 20240120101919.0
008 170524s9999 xx 000 0 und d
020 _a8174733760
040 _ciimtu
100 _aPandey L U B
245 2 _aA manual of Practical Communication
260 _bMeerut: Pragati
260 _c2009
942 _2ddc
_c02
999 _c5505
_d5505